MDQL
is popping MORE tags! Check the
thread
!
Quizzes
Events
Quiz Creation
Community
Videos
Private Events
Remove Ads
Sign In
Join for FREE
Feedback
Dark Mode
Quiz Categories
Sports
Geography
Music
Movies
Television
Just For Fun
Miscellaneous
History
Literature
Language
Science
Gaming
Entertainment
Religion
Holiday
For Kids
Quiz Lab
Recent
Popular Today
Quiz Kudos Today
Editor Picks
Curator Picks
Quizzes by...
Day
Popularity
Type
Ratings
Length
Year
Community
Subscriptions
Recent Discussions
Orange Saloon
Badges
Playlists
Quests
Create
Leaderboards
Showdown
Live 5
Trivia Bingo
Activity
Puzzle Library
Sporcle Events
Private Events
Virtual Trivia
Globe League
Become a Host
Pub Owners
SporcleCon
Opinionation
Our Games
Videos
Blog
Mobile Apps
Partnerships
Remove Ads and Go Orange
Feedback
Movies
Disney
Marvel Cinematic Universe
Movie Resume
Movie Titles
Oscar
Actor
Actress
Director
Pixar
Role
Movie Quotes
Movie Characters
Box Office
Nominee
Best Picture
Star Wars
James Bond
Horror Movies
Movies
Disney
Marvel Cinematic Universe
Movie Resume
Movie Titles
Oscar
Actor
Actress
Director
Pixar
Role
Movie Quotes
Movie Characters
Box Office
Nominee
Best Picture
Star Wars
James Bond
Horror Movies
Random Quiz
Search Sporcle
×
Quiz Lab
Quiz Lab
Movies
Quote
Type in answers that appear in a list
Type in answers that appear in a list
Classic
Best Score? Go Orange.
Anchorman: Finish the Quote Stats
Can you name the rest of this Anchorman quote?
By
bopper7
10m
17 Questions
2,231 Plays
2,231 Plays
2,231 Plays
Comments
Comments
Give Quiz Kudos
Give Quiz Kudos
-
- Ratings
hide this ad
Forced Order
Answers have to be entered in order
Answers have to be entered in order
Random Order
Randomize order of answers
Randomize order of answers
Replay
Link that replays current quiz
Next Quiz
Link to next quiz in quiz playlist
You Got
0%
They Got
Avg Score
30%
Avg Friend Score
Upgrade to see
Score Distribution
Jump to the score distribution portion of the page
Score
0/17
Timer
10:00
0
Plays Today
Quote
Answer
% Correct
I love...
lamp.
72.8%
I'm in a glass ...
case of emotion!
70.1%
It's so damn hot...
milk was a bad choice.
62.4%
What? You pooped in the refrigerator? And you ate the whole... wheel of cheese? How'd you do that? Heck, I'm not even mad...
that's amazing!
46.1%
Wow, this burrito is delicious...
but it is filling.
40.5%
You should find yourself a safehouse or a relative close by. Lay low for a while...
because you're probably wanted for murder.
33.1%
Don't get me wrong, I love the ladies. I mean they rev my engines, but they...
don't belong in the newsroom.
29.3%
You woke up the bears...
why did you do that?
27.7%
I woke up on the floor of some Japanese family's rec room...
and they would not stop screaming!
25.6%
Quote
Answer
% Correct
The only way to bag a classy lady is to...
give her two tickets to the gun show.
25.1%
This is your doctor. I have your pregnancy report here, and guess what...
you got knocked up.
23.9%
Where'd you get your clothes...
from the toilet store?
15.7%
This is worse than that time...
the raccoon got in the copier!
13%
Bob Dylan once wrote, The times, they are a-
changin...
Ron Burgundy had never heard that song.
12.6%
Last time I looked in the dictionary...
my name's Ron Burgundy.
7.9%
I ate fiberglass insulation. It wasn't cotton candy like the guy said...
my tummy itches.
5.3%
Hello, Baxter? Baxter, is that you? Bark twice if you're in Milwaukee. Is this Wilt Chamberlain...
Have the decency to say something!
1.7%
Quiz Playlist
Details
Report
Send in Message
Add To Playlist
Classic:
Type in answers that appear in a list
Forced Order:
Answers have to be entered in order
Random Order:
Randomize order of answers
Last Updated: Feb 16, 2017
Quiz Scoreboard
CHALLENGE
Sign Up to Join the Scoreboard
Show All
Scores
Hide
Comments
May contain spoilers
Recently Published
5x2 Blitz: Bands
by SL_Kpop136
Music
30s
Colored Red Africa Blitz
by spor1
Geography
30s
Find the 'City' Movie
by crazypaving
Movies
60s
More to Explore
Quiz From the Vault
Featured Blog Post
14 Easter Pick-up Lines to Find Eggs With
hide this ad
You Might Also Like...
Tags
Quote Quiz
Anchorman
finish
rest
Today's Top Quizzes in Movies
Browse Movies
hide this ad
Today's Top Quizzes in Quote
Browse Quote
Top Contributed Quizzes in Movies
1
Find The 'Big' Movie
2
Find The 'Wild' Movie
3
Find The 'Blue' Movie
4
Movies By Plot
5
Hidden Star Wars Character II
6
Hidden Star Wars Character III
7
Pick 5 Posters: Directed by Spielberg
8
Hidden Star Wars Character IV
9
Alfred Hitchcock Movies by Plot
10
Hidden Star Wars Character V
Explore More
Trending Topics
NBA
Disney
Kpop
Marvel
Harry Potter
Crossword
Anime
Puzzle
Pokémon
Country
Song
The Office
Soccer
WWE
NFL
hide this ad
More By:
bopper7
Quiz
Plays
Rating
Category
Featured
Created
THE OFFICE : Total Trivia
15,206
2.65
Television
Oct 13, 2009
THE OFFICE : Total Trivia 2
6,773
3.46
Television
Oct 13, 2009
Guess the Quote: The Office (US) 2
3,917
3.86
Television
Oct 13, 2009
Anchorman: Finish the Quote
2,231
1.83
Movies
Oct 13, 2009
80's Television Classics
1,130
4.00
Television
Oct 13, 2009
Go to Creator's Profile
Score Distribution
Quiz Creator Spotlight
bopper7
Follow
Send a Message
Quizzes Created
-
Created Quiz Play Count
-
More By This Creator
Popular Quizzes Today
1
Colored Red Africa Blitz
2
Find the 'City' Movie
3
Find the US States - No Outlines Minefield
4
5x2 Blitz: Bands
5
The Countries of the World
6
Find the US States
7
US States
8
9x9 Crossword: Cartoon Network
More Movies Quizzes
Top Grossing A-Z: Samuel L. Jackson
Editor's Pick
Trending Quizzes
Colored Red Europe Blitz I
Colored Red Europe Blitz II
Colored Red Africa Blitz II
Colored Red Europe Blitz III
Colored Red Africa Blitz III
Recently Updated
How Do You Spell That?
pecheneg
Godzilla Movies
pecheneg
Grab Bag: 4-10 Letters
pecheneg
2024 March Madness Bracket
pecheneg
Famous TV Couples
Peacemaker
Champions League XIs: Real Madrid
pecheneg
Largest US Cities 1790-2010
pecheneg
Rides in Walt Disney World
pecheneg
Most Oscar Losses (Acting)
pecheneg
Beyoncé Albums
pecheneg
Trending Topics
Anime
Harry Potter
Kpop
Crossword
Marvel
Disney
NBA
The Office
Pokémon
Country
Puzzle
NFL
WWE
Song
Soccer
Your Account Isn't Verified!
In order to create a playlist on Sporcle, you need to verify the email address you used during registration. Go to your
Sporcle Settings
to finish the process.
Report this User
Report this user for behavior that violates our
Community Guidelines
.
Details:
Send Report
Go to the Sporcle.com Mobile Site →
Comments